|
|
|
|
| LEADER |
01711nam a2200301 a 4500 |
| 001 |
37418 |
| 003 |
BD-DhAAL |
| 008 |
210124t2016 enk||||| |||| 001 0 eng d |
| 020 |
|
|
|a 9789351509868
|
| 040 |
|
|
|a BD-DhAAL
|d BD-DhAAL
|
| 082 |
|
|
|a 954.9204092
|2 23
|
| 100 |
|
|
|a Sobhan, Rehman,
|e author.
|9 40765
|
| 245 |
|
|
|a Untranquil recollections :
|b the years of fulfillment /
|c Rehman Sobhan.
|
| 260 |
|
|
|a Los Angeles ;
|a London :
|b SAGE,
|c c2016.
|
| 300 |
|
|
|a xx, 444 pages :
|b illustrations ;
|c 23 cm.
|
| 500 |
|
|
|a Includes index.
|
| 526 |
|
|
|a RS
AAL
|
| 541 |
|
|
|a Hye Trade International
Gift from Asif Saleh Executive Director , BRAC. (37507)
|e 37418, 37419, 37507
|
| 600 |
|
|
|c Sobhan, Rehman.
|9 40765
|
| 650 |
|
|
|a Economists
|z Bangladesh
|v Biography.
|9 40766
|
| 650 |
|
|
|a Political activists
|z Bangladesh
|v Biography.
|9 40767
|
| 651 |
|
|
|a Bangladesh
|x History.
|9 40768
|
| 852 |
|
|
|a Ayesha Abed Library
|c General stacks
|
| 942 |
|
|
|2 ddc
|c BK
|
| 999 |
|
|
|c 43187
|d 43187
|
| 952 |
|
|
|0 0
|1 0
|2 ddc
|4 0
|6 954_920409200000000_SOB
|7 0
|9 69203
|a SCL
|b SCL
|c GEN
|d 2020-12-09
|e Hye Trade International
|g 649.00
|l 3
|m 7
|o 954.9204092 SOB
|p 3020037419
|r 2024-03-17
|s 2024-03-09
|t 2
|v 649.00
|w 2020-12-09
|y BK
|x Received during COVID-19 pandemic
|
| 952 |
|
|
|0 0
|1 0
|2 ddc
|4 0
|6 954_920409200000000_SOB
|7 0
|9 69204
|a SCL
|b SCL
|c GEN
|d 2020-12-09
|e Hye Trade International
|g 649.00
|l 1
|o 954.9204092 SOB
|p 3020037418
|r 2024-03-18
|s 2024-03-10
|t 1
|v 649.00
|w 2020-12-09
|y BK
|x Received during COVID-19 pandemic
|
| 952 |
|
|
|0 0
|1 0
|2 ddc
|4 0
|6 954_920409200000000_SOB
|7 0
|9 69338
|a BRACUL
|b BRACUL
|c GEN
|d 2021-06-13
|e Gift from Asif Saleh Executive Director , BRAC.
|g 649.00
|l 3
|m 3
|o 954.9204092 SOB
|p 3010037507
|r 2025-10-25
|s 2025-10-19
|t 3
|v 689.60
|w 2021-06-13
|y BK
|x Received during COVID-19 pandemic
|